Powtórka Scrabble: 2-literówki - Statystyki

Ogólne statystyki
  • Ten quiz został rozwiązany 748 razy
    23 od ostatniego zresetowania
  • Średni wynik to 74 z 128
Statystyki odpowiedzi
słówko % Poprawnych
za
94%
do
88%
po
88%
bo
82%
la
82%
od
82%
ód
82%
te
82%
82%
to
82%
ty
82%
we
82%
da
76%
ja
76%
76%
mi
76%
na
76%
on
76%
76%
tu
76%
71%
ba
71%
de
71%
mu
71%
my
71%
pa
71%
71%
si
71%
ta
71%
71%
wy
71%
ze
71%
że
71%
aj
65%
al
65%
be
65%
by
65%
ce
65%
ci
65%
co
65%
hi
65%
im
65%
ka
65%
ku
65%
ma
65%
65%
no
65%
os
65%
65%
ós
65%
ów
65%
re
65%
aa
59%
ad
59%
ag
59%
ar
59%
as
59%
au
59%
ha
59%
he
59%
59%
je
59%
me
59%
ni
59%
ok
59%
pi
59%
su
59%
ul
59%
am
53%
at
53%
bi
53%
em
53%
53%
ho
53%
53%
ki
53%
ko
53%
li
53%
oj
53%
om
53%
or
53%
ot
53%
oz
53%
53%
pe
53%
se
53%
el
47%
47%
en
47%
47%
er
47%
fa
47%
fe
47%
fi
47%
go
47%
hu
47%
id
47%
il
47%
47%
iw
47%
ny
47%
op
47%
ro
47%
bu
41%
dy
41%
ee
41%
ef
41%
eh
41%
ej
41%
es
41%
41%
ez
41%
fu
41%
ii
41%
in
41%
lu
41%
oo
41%
uu
41%
wu
41%
et
35%
ew
35%
hm
35%
mm
35%
ts
35%
ud
35%
uf
35%
ut
29%
yy
24%
Nie znaleziono quizów pasujących do podanych kryteriów
Rozkład punktacji
Procent ludzi z każdym wynikiem
Percentyl według liczby udzielonych odpowiedzi
Twoja historia wyników
Nie rozwiązałeś tego quizu od ostatniego zresetowania